Reglamento provisional de Sanidad exterior / (Record no. 183924)

MARC details
000 -LEADER
campo de control de longitud fija 00480nam a2200145 i 4500
001 - NÚMERO DE CONTROL
campo de control 183924
003 - IDENTIFICADOR DE NÚMERO DE CONTROL
campo de control ES-MaACL
005 - FECHA Y HORA DE LA ÚLTIMA TRANSACCIÓN
campo de control 20230906222013.0
008 - DATOS DE LONGITUD FIJA--INFORMACIÓN GENERAL
campo de control de longitud fija 141128s1909 sp |||| | spa d
245 00 - MENCIÓN DEL TÍTULO
Título Reglamento provisional de Sanidad exterior /
Mención de responsabilidad, etc. [publicado por El Eco de las Aduanas].
260 ## - PUBLICACIÓN, DISTRIBUCIÓN, ETC.
Lugar de publicación, distribución, etc. [Madrid :
Nombre del editor, distribuidor, etc. "Sucesores de Rivadeneyra",
Fecha de publicación, distribución, etc. 1909]
300 ## - DESCRIPCIÓN FÍSICA
Extensión 49 p. ;
Dimensiones 26 cm.
650 #4 - PUNTO DE ACCESO ADICIONAL DE MATERIA--TÉRMINO DE MATERIA
Término de materia o nombre geográfico como elemento de entrada Salud pública-
Subdivisión de forma Legislación-
Subdivisión geográfica España.
9 (RLIN) 161098
852 ## - LOCALIZACIÓN
Ubicación ES-MaACL
Número de control de estantería T-1440-F-4
Holdings
Estatus retirado Estado de pérdida Estado de daño No para préstamo Colección Biblioteca de origen Biblioteca actual Ubicación en estantería Fecha de adquisición Fuente de adquisición Total de préstamos Signatura topográfica completa Código de barras Visto por última vez Precio de reemplazo Tipo de ítem Koha
        Colección de folletos Biblioteca del Ateneo de Madrid Biblioteca del Ateneo de Madrid Depósito folletos 28/11/2014     T-1440-F-4 1193401 23/02/2023 23/02/2023 Folleto